000 00531nam a2200193Ia 4500
005 20230116135524.0
008 131103s9999 xx 000 0 und d
040 _aLoreto College
041 _aEnglish
082 _a821.6
_bBLA-HIR
100 _aHirsch,E.D.
245 _aInnocence and experience
_cE.D.Hirsch
260 _aNew Haven
_bYale University Press
_c1964
300 _axv,335 p.
504 _aIncludes appendix and index
650 _aBlake,William - 1757 - 1827 - Poetry - Blake
850 _aLCLIB
942 _cBK
999 _c5746
_d56225